[Event "OeISM Blitz U10 B"]
[Site "austriaU10b"]
[Date "2020.12.11"]
[Round "3"]
[White "Chessroman"]
[Black "Mattfried"]
[Result "0-1"]
[WhiteElo "1466"]
[BlackElo "1706"]
[Annotator "NA RC"]
[PlyCount "98"]
[EventDate "2020.12.11"]
[EventType "blitz"]

1. e4 {[%emt 0:00:04]} e5 {[%emt 0:00:39]} 2. Nf3 {[%emt 0:00:02]} Nc6 {[%emt 0:00:01]} 3. Bc4 {[%emt 0:00:03]} Nf6 {[%emt 0:00:02]} 4. d3 {[%emt 0:00:06]} h6 {[%emt 0:00:02]} 5. O-O {[%emt 0:00:11]} d6 {[%emt 0:00:01]} 6. h3 {[%emt 0:00:02]} Be7 {[%emt 0:00:09]} 7. c3 {[%emt 0:00:05]} Be6 {[%emt 0:00:02]} 8. Bxe6 {[%emt 0:00:12]} fxe6 {[%emt 0:00:00]} 9. Qb3 {[%emt 0:00:05]} Qd7 {[%emt 0:00:13]} 10. Qxb7 {[%emt 0:00:15]} Rb8 {[%emt 0:00:02]} 11. Qa6 {[%emt 0:00:04]} Rb6 {[%emt 0:00:02]} 12. Qa4 {[%emt 0:00:06]} O-O {[%emt 0:00:12]} 13. Be3 {[%emt 0:00:06]} Rxb2 {[%emt 0:00:09]} 14. Nbd2 {[%emt 0:00:21]} Nd4 {[%emt 0:00:34]} 15. Qxd7 {[%emt 0:00:09]} Ne2+ {[%emt 0:00:07]} 16. Kh1 {[%emt 0:00:09]} Nxd7 {[%emt 0:00:00]} 17. c4 {[%emt 0:00:32]} Nc3 {[%emt 0:00:05]} 18. Nb3 {[%emt 0:00:09]} Nxa2 {[%emt 0:00:37]} 19. Bxa7 {[%emt 0:00:07]} Nc3 {[%emt 0:00:08]} 20. Nbd2 {[%emt 0:00:08]} Ra8 {[%emt 0:00:06]} 21. Be3 {[%emt 0:00:04]} Rxa1 {[%emt 0:00:03]} 22. Rxa1 {[%emt 0:00:01]} d5 {[%emt 0:00:03]} 23. cxd5 {[%emt 0:00:10]} exd5 {[%emt 0:00:01]} 24. exd5 {[%emt 0:00:02]} Nxd5 {[%emt 0:00:02]} 25. Nc4 {[%emt 0:00:04]} Nxe3 {[%emt 0:00:10]} 26. fxe3 {[%emt 0:00:02]} Rb3 {[%emt 0:00:02]} 27. Ncxe5 {[%emt 0:00:03]} Nxe5 {[%emt 0:00:02]} 28. Nxe5 {[%emt 0:00:01]} Bd6 {[%emt 0:00:01]} 29. Ra8+ {[%emt 0:00:12]} Kh7 {[%emt 0:00:05]} 30. d4 {[%emt 0:00:05]} Rb1+ {[%emt 0:00:02]} 31. Kh2 {[%emt 0:00:03]} Re1 {[%emt 0:00:04]} 32. g3 {[%emt 0:00:08]} Rxe3 {[%emt 0:00:02]} 33. Ra4 {[%emt 0:00:07]} Re4 {[%emt 0:00:04]} 34. Ng4 {[%emt 0:00:07]} Re2+ {[%emt 0:00:04]} 35. Kg1 {[%emt 0:00:03]} Bxg3 {[%emt 0:00:03]} 36. Kf1 {[%emt 0:00:01]} Rd2 {[%emt 0:00:03]} 37. Rc4 {[%emt 0:00:03]} Bh4 {[%emt 0:00:03]} 38. Ne5 {[%emt 0:00:02]} Rf2+ {[%emt 0:00:02]} 39. Kg1 {[%emt 0:00:02]} Rf4 {[%emt 0:00:03]} 40. Kg2 {[%emt 0:00:01]} Bf6 {[%emt 0:00:02]} 41. Rxc7 {[%emt 0:00:02]} Bxe5 {[%emt 0:00:02]} 42. dxe5 {[%emt 0:00:00]} Re4 {[%emt 0:00:02]} 43. Re7 {[%emt 0:00:01]} Kg6 {[%emt 0:00:02]} 44. Kf3 {[%emt 0:00:01]} Re1 {[%emt 0:00:02]} 45. Kf4 {[%emt 0:00:02]} Rg1 {[%emt 0:00:05]} 46. e6 {[%emt 0:00:02]} Kf6 {[%emt 0:00:01]} 47. Kf3 {[%emt 0:00:03]} Kxe7 {[%emt 0:00:02]} 48. Kf2 {[%emt 0:00:02]} Rg6 {[%emt 0:00:01]} 49. Kf3 {[%emt 0:00:01] Chessroman resigns} Rxe6 {[%emt 0:00:01]} 0-1

[Event "OeISM Blitz U10 B"]
[Site "austriaU10b"]
[Date "2020.12.11"]
[Round "3"]
[White "Davidalaba"]
[Black "Sunny3000"]
[Result "1-0"]
[WhiteElo "1425"]
[BlackElo "1620"]
[Annotator "NA RC"]
[PlyCount "143"]
[EventDate "2020.12.11"]
[EventType "blitz"]

1. e4 {[%emt 0:00:04]} c5 {[%emt 0:00:06]} 2. Nf3 {[%emt 0:00:02]} Nc6 {[%emt 0:00:04]} 3. d4 {[%emt 0:00:01]} cxd4 {[%emt 0:00:02]} 4. Nxd4 {[%emt 0:00:00]} g6 {[%emt 0:00:01]} 5. Nc3 {[%emt 0:00:04]} Bg7 {[%emt 0:00:01]} 6. Nxc6 {[%emt 0:00:02]} bxc6 {[%emt 0:00:04]} 7. Bc4 {[%emt 0:00:05]} d6 {[%emt 0:00:13]} 8. O-O {[%emt 0:00:04]} Nf6 {[%emt 0:00:07]} 9. Re1 {[%emt 0:00:02]} d5 {[%emt 0:00:07]} 10. exd5 {[%emt 0:00:03]} cxd5 {[%emt 0:00:03]} 11. Bxd5 {[%emt 0:00:04]} Nxd5 {[%emt 0:00:02]} 12. Nxd5 {[%emt 0:00:01]} O-O {[%emt 0:00:28]} 13. Nxe7+ {[%emt 0:00:05]} Kh8 {[%emt 0:00:04]} 14. Nxc8 {[%emt 0:00:13]} Rxc8 {[%emt 0:00:03]} 15. Qxd8 {[%emt 0:00:06]} Rfxd8 {[%emt 0:00:04]} 16. c3 {[%emt 0:00:03]} Re8 {[%emt 0:00:04]} 17. Rxe8+ {[%emt 0:00:08]} Rxe8 {[%emt 0:00:02]} 18. Be3 {[%emt 0:00:04]} a6 {[%emt 0:00:11]} 19. Rd1 {[%emt 0:00:06]} Bf6 {[%emt 0:00:04]} 20. h3 {[%emt 0:00:08]} Kg7 {[%emt 0:00:05]} 21. Re1 {[%emt 0:00:10]} Rb8 {[%emt 0:00:10]} 22. Rb1 {[%emt 0:00:08]} Bxc3 {[%emt 0:00:03]} 23. Rc1 {[%emt 0:00:15]} Bxb2 {[%emt 0:00:08]} 24. Rb1 {[%emt 0:00:03]} Be5 {[%emt 0:00:02]} 25. Rxb8 {[%emt 0:00:05]} Bxb8 {[%emt 0:00:02]} 26. Kf1 {[%emt 0:00:05]} Kf6 {[%emt 0:00:02]} 27. Ke2 {[%emt 0:00:01]} Ke5 {[%emt 0:00:03]} 28. Kd3 {[%emt 0:00:02]} Kd5 {[%emt 0:00:02]} 29. Kc3 {[%emt 0:00:04]} Be5+ {[%emt 0:00:11]} 30. Kb4 {[%emt 0:00:03]} Bc7 {[%emt 0:00:04]} 31. g3 {[%emt 0:00:11]} Kc6 {[%emt 0:00:11]} 32. g4 {[%emt 0:00:04]} Kd5 {[%emt 0:00:07]} 33. f3 {[%emt 0:00:07]} f5 {[%emt 0:00:10]} 34. gxf5 {[%emt 0:00:05]} gxf5 {[%emt 0:00:02]} 35. Bf2 {[%emt 0:00:18]} Ke5 {[%emt 0:00:03]} 36. Bg3+ {[%emt 0:00:03]} Kd4 {[%emt 0:00:05]} 37. Bxc7 {[%emt 0:00:02]} Ke3 {[%emt 0:00:01]} 38. f4 {[%emt 0:00:05]} Kf3 {[%emt 0:00:01]} 39. Ka5 {[%emt 0:00:05]} Kg3 {[%emt 0:00:01]} 40. Kxa6 {[%emt 0:00:01]} h5 {[%emt 0:00:02]} 41. Kb5 {[%emt 0:00:02]} Kxh3 {[%emt 0:00:01]} 42. a3 {[%emt 0:00:01]} Kg3 {[%emt 0:00:01]} 43. a4 {[%emt 0:00:01]} h4 {[%emt 0:00:01]} 44. a5 {[%emt 0:00:06]} h3 {[%emt 0:00:01]} 45. Kb6 {[%emt 0:00:11]} h2 {[%emt 0:00:02]} 46. a6 {[%emt 0:00:02]} h1=Q {[%emt 0:00:03]} 47. a7 {[%emt 0:00:02]} Qb1+ {[%emt 0:00:02]} 48. Kc6 {[%emt 0:00:10]} Qc2+ {[%emt 0:00:01]} 49. Kb7 {[%emt 0:00:02]} Qb3+ {[%emt 0:00:02]} 50. Bb6 {[%emt 0:00:03]} Qd5+ {[%emt 0:00:03]} 51. Kb8 {[%emt 0:00:02]} Qg8+ {[%emt 0:00:03]} 52. Kb7 {[%emt 0:00:02]} Qf7+ {[%emt 0:00:01]} 53. Kb8 {[%emt 0:00:01]} Qe8+ {[%emt 0:00:02]} 54. Kb7 {[%emt 0:00:02]} Qd7+ {[%emt 0:00:02]} 55. Kb8 {[%emt 0:00:03]} Qe8+ {[%emt 0:00:03]} 56. Kb7 {[%emt 0:00:01]} Qd7+ {[%emt 0:00:03]} 57. Kb8 {[%emt 0:00:01]} Qd6+ {[%emt 0:00:02]} 58. Kb7 {[%emt 0:00:03]} Qe7+ {[%emt 0:00:07]} 59. Kb8 {[%emt 0:00:02]} Qd6+ {[%emt 0:00:01]} 60. Kb7 {[%emt 0:00:02]} Qxf4 {[%emt 0:00:02]} 61. Bc7 {[%emt 0:00:05]} Qxc7+ {[%emt 0:00:07]} 62. Kxc7 {[%emt 0:00:01]} f4 {[%emt 0:00:00]} 63. a8=Q {[%emt 0:00:03]} f3 {[%emt 0:00:00]} 64. Qg8+ {[%emt 0:00:03]} Kf2 {[%emt 0:00:01]} 65. Kd6 {[%emt 0:00:03]} Kf1 {[%emt 0:00:04]} 66. Ke5 {[%emt 0:00:03]} f2 {[%emt 0:00:01]} 67. Ke4 {[%emt 0:00:03]} Ke1 {[%emt 0:00:02]} 68. Qg3 {[%emt 0:00:13]} Ke2 {[%emt 0:00:04]} 69. Qe3+ {[%emt 0:00:05]} Kf1 {[%emt 0:00:02]} 70. Kf3 {[%emt 0:00:06]} Kg1 {[%emt 0:00:03]} 71. Qxf2+ {[%emt 0:00:01]} Kh1 {[%emt 0:00:01]} 72. Qg2# {[%emt 0:00:00] Mate Mate} 1-0

[Event "OeISM Blitz U10 B"]
[Site "austriaU10b"]
[Date "2020.12.11"]
[Round "3"]
[White "BeatG10"]
[Black "Max003"]
[Result "0-1"]
[WhiteElo "1295"]
[BlackElo "1620"]
[Annotator "NA RC"]
[PlyCount "64"]
[EventDate "2020.12.11"]
[EventType "blitz"]

1. e4 {[%emt 0:00:02]} c5 {[%emt 0:00:02]} 2. Nc3 {[%emt 0:00:02]} d6 {[%emt 0:00:02]} 3. d3 {[%emt 0:00:01]} Nf6 {[%emt 0:00:04]} 4. g3 {[%emt 0:00:04]} g6 {[%emt 0:00:02]} 5. Bg2 {[%emt 0:00:01]} Bg7 {[%emt 0:00:03]} 6. Be3 {[%emt 0:00:03]} e6 {[%emt 0:00:06]} 7. Nf3 {[%emt 0:00:07]} O-O {[%emt 0:00:15]} 8. O-O {[%emt 0:00:10]} e5 {[%emt 0:00:06]} 9. Re1 {[%emt 0:00:18]} Re8 {[%emt 0:00:07]} 10. Bg5 {[%emt 0:00:10]} Bg4 {[%emt 0:00:06]} 11. Qd2 {[%emt 0:00:32]} Nc6 {[%emt 0:00:06]} 12. Bxf6 {[%emt 0:00:21]} Bxf6 {[%emt 0:00:04]} 13. Nd5 {[%emt 0:00:01]} Bxf3 {[%emt 0:00:08]} 14. Bxf3 {[%emt 0:00:02]} Bg5 {[%emt 0:00:04]} 15. Qe2 {[%emt 0:00:08]} Nd4 {[%emt 0:00:03]} 16. Qd1 {[%emt 0:00:12]} b6 {[%emt 0:00:11]} 17. c3 {[%emt 0:00:15]} Nxf3+ {[%emt 0:00:09]} 18. Qxf3 {[%emt 0:00:03]} Rf8 {[%emt 0:00:03]} 19. d4 {[%emt 0:00:38]} cxd4 {[%emt 0:00:03]} 20. cxd4 {[%emt 0:00:00]} exd4 {[%emt 0:00:02]} 21. Qd3 {[%emt 0:00:02]} Rc8 {[%emt 0:00:16]} 22. Rac1 {[%emt 0:00:20]} Rxc1 {[%emt 0:00:04]} 23. Rxc1 {[%emt 0:00:00]} Bxc1 {[%emt 0:00:02]} 24. Qf3 {[%emt 0:00:10]} Bxb2 {[%emt 0:00:04]} 25. Nf6+ {[%emt 0:00:01]} Kh8 {[%emt 0:00:03]} 26. Qb3 {[%emt 0:00:03]} Bc3 {[%emt 0:00:04]} 27. Qb2 {[%emt 0:00:00]} Bxb2 {[%emt 0:00:03]} 28. Ng4 {[%emt 0:00:04]} d3 {[%emt 0:00:04]} 29. Ne3 {[%emt 0:00:03]} Bd4 {[%emt 0:00:04]} 30. Nd1 {[%emt 0:00:01]} d2 {[%emt 0:00:03]} 31. Kf1 {[%emt 0:00:02]} Qc7 {[%emt 0:00:02]} 32. Ke2 {[%emt 0:00:02]} Qc2 {[%emt 0:00:03] TimeW} 0-1

[Event "OeISM Blitz U10 B"]
[Site "austriaU10b"]
[Date "2020.12.11"]
[Round "4"]
[White "Philip2010"]
[Black "Mattfried"]
[Result "1-0"]
[WhiteElo "1822"]
[BlackElo "1732"]
[Annotator "NA RC"]
[PlyCount "63"]
[EventDate "2020.12.11"]
[EventType "blitz"]

1. d4 {[%emt 0:00:06]} f5 {[%emt 0:01:03]} 2. Nf3 {[%emt 0:00:04]} Nf6 {[%emt 0:00:02]} 3. g3 {[%emt 0:00:04]} d6 {[%emt 0:00:01]} 4. Bg2 {[%emt 0:00:01]} e6 {[%emt 0:00:04]} 5. O-O {[%emt 0:00:02]} Be7 {[%emt 0:00:02]} 6. Nc3 {[%emt 0:00:05]} O-O {[%emt 0:00:02]} 7. Re1 {[%emt 0:00:01]} Qe8 {[%emt 0:00:15]} 8. e4 {[%emt 0:00:09]} fxe4 {[%emt 0:00:02]} 9. Nxe4 {[%emt 0:00:03]} Nc6 {[%emt 0:00:18]} 10. c3 {[%emt 0:00:09]} d5 {[%emt 0:00:08]} 11. Neg5 {[%emt 0:00:12]} Nd8 {[%emt 0:00:21]} 12. Bh3 {[%emt 0:00:20]} Bd6 {[%emt 0:00:30]} 13. Qe2 {[%emt 0:00:39]} Qh5 {[%emt 0:00:18]} 14. Bxe6+ {[%emt 0:00:30]} Bxe6 {[%emt 0:00:03]} 15. Nxe6 {[%emt 0:00:07]} Ne4 {[%emt 0:00:13]} 16. Nxf8 {[%emt 0:00:10]} Kxf8 {[%emt 0:00:03]} 17. Be3 {[%emt 0:00:06]} Ne6 {[%emt 0:00:02]} 18. Nd2 {[%emt 0:00:05]} Qxe2 {[%emt 0:00:04]} 19. Rxe2 {[%emt 0:00:01]} Nxd2 {[%emt 0:00:01]} 20. Bxd2 {[%emt 0:00:02]} Re8 {[%emt 0:00:01]} 21. Rae1 {[%emt 0:00:02]} Kf7 {[%emt 0:00:04]} 22. f4 {[%emt 0:00:02]} g6 {[%emt 0:00:02]} 23. Kg2 {[%emt 0:00:05]} Ng7 {[%emt 0:00:03]} 24. Rxe8 {[%emt 0:00:02]} Nxe8 {[%emt 0:00:02]} 25. Kf3 {[%emt 0:00:01]} Nf6 {[%emt 0:00:02]} 26. Bc1 {[%emt 0:00:09]} Ne4 {[%emt 0:00:03]} 27. c4 {[%emt 0:00:04]} c6 {[%emt 0:00:02]} 28. c5 {[%emt 0:00:03]} Bc7 {[%emt 0:00:02]} 29. b4 {[%emt 0:00:03]} Kf6 {[%emt 0:00:01]} 30. g4 {[%emt 0:00:03]} g5 {[%emt 0:00:03]} 31. fxg5+ {[%emt 0:00:03]} Kg6 {[%emt 0:00:02]} 32. h4 {[%emt 0:00:05] TimeB} 1-0

[Event "OeISM Blitz U10 B"]
[Site "austriaU10b"]
[Date "2020.12.11"]
[Round "4"]
[White "Derenick2010"]
[Black "EdiRaber"]
[Result "0-1"]
[WhiteElo "1701"]
[BlackElo "1644"]
[Annotator "NA RC"]
[PlyCount "72"]
[EventDate "2020.12.11"]
[EventType "blitz"]

1. e4 {[%emt 0:00:03]} e5 {[%emt 0:00:02]} 2. Nf3 {[%emt 0:00:02]} Nf6 {[%emt 0:00:02]} 3. Nxe5 {[%emt 0:00:05]} d6 {[%emt 0:00:01]} 4. Nf3 {[%emt 0:00:04]} Nxe4 {[%emt 0:00:01]} 5. Qe2 {[%emt 0:00:03]} Qe7 {[%emt 0:00:02]} 6. d3 {[%emt 0:00:15]} Nf6 {[%emt 0:00:02]} 7. Qxe7+ {[%emt 0:00:02]} Bxe7 {[%emt 0:00:02]} 8. Bg5 {[%emt 0:00:01]} Be6 {[%emt 0:00:01]} 9. Bxf6 {[%emt 0:00:01]} Nc6 {[%emt 0:00:01]} 10. Nc3 {[%emt 0:00:01]} Bxf6 {[%emt 0:00:04]} 11. Be2 {[%emt 0:00:04]} O-O {[%emt 0:00:03]} 12. O-O {[%emt 0:00:10]} Nb4 {[%emt 0:00:08]} 13. Rac1 {[%emt 0:00:04]} Bxc3 {[%emt 0:00:12]} 14. bxc3 {[%emt 0:00:04]} Nxa2 {[%emt 0:00:03]} 15. Rb1 {[%emt 0:00:07]} Nxc3 {[%emt 0:00:02]} 16. Rbe1 {[%emt 0:00:06]} Rfe8 {[%emt 0:00:06]} 17. Nd4 {[%emt 0:00:11]} Bd5 {[%emt 0:00:07]} 18. Bf3 {[%emt 0:00:04]} Bxf3 {[%emt 0:00:06]} 19. Rxe8+ {[%emt 0:00:05]} Rxe8 {[%emt 0:00:03]} 20. Nxf3 {[%emt 0:00:01]} a5 {[%emt 0:00:02]} 21. Ra1 {[%emt 0:00:06]} a4 {[%emt 0:00:03]} 22. Ra3 {[%emt 0:00:03]} Ne2+ {[%emt 0:00:27]} 23. Kf1 {[%emt 0:00:04]} Nf4 {[%emt 0:00:07]} 24. Kg1 {[%emt 0:00:11]} b5 {[%emt 0:00:07]} 25. c4 {[%emt 0:00:05]} c6 {[%emt 0:00:03]} 26. cxb5 {[%emt 0:00:03]} cxb5 {[%emt 0:00:02]} 27. d4 {[%emt 0:00:02]} d5 {[%emt 0:00:08]} 28. Ra2 {[%emt 0:00:07]} Ne2+ {[%emt 0:00:07]} 29. Kf1 {[%emt 0:00:09]} Nc3 {[%emt 0:00:03]} 30. Rb2 {[%emt 0:00:06]} a3 {[%emt 0:00:09]} 31. Rb3 {[%emt 0:00:04]} a2 {[%emt 0:00:04]} 32. Ra3 {[%emt 0:00:06]} b4 {[%emt 0:00:02]} 33. Ra5 {[%emt 0:00:04]} b3 {[%emt 0:00:02]} 34. Nd2 {[%emt 0:00:07]} b2 {[%emt 0:00:04]} 35. Ra3 {[%emt 0:00:25]} b1=Q+ {[%emt 0:00:04]} 36. Nxb1 {[%emt 0:00:02]} axb1=R# {[%emt 0:00:02] Mate Mate} 0-1

[Event "OeISM Blitz U10 B"]
[Site "austriaU10b"]
[Date "2020.12.11"]
[Round "4"]
[White "Janoschluis"]
[Black "NIKO2011"]
[Result "0-1"]
[WhiteElo "1656"]
[BlackElo "1818"]
[Annotator "NA RC"]
[PlyCount "54"]
[EventDate "2020.12.11"]
[EventType "blitz"]

1. e4 {[%emt 0:00:04]} c5 {[%emt 0:00:01]} 2. Nf3 {[%emt 0:00:04]} e6 {[%emt 0:00:01]} 3. d4 {[%emt 0:00:02]} cxd4 {[%emt 0:00:02]} 4. Nxd4 {[%emt 0:00:02]} a6 {[%emt 0:00:01]} 5. Nc3 {[%emt 0:00:02]} d6 {[%emt 0:00:05]} 6. Bc4 {[%emt 0:00:05]} b5 {[%emt 0:00:02]} 7. Bb3 {[%emt 0:00:02]} Bb7 {[%emt 0:00:02]} 8. Bf4 {[%emt 0:00:05]} e5 {[%emt 0:00:02] Janoschluis offers a draw} 9. Nf5 {[%emt 0:00:12]} exf4 {[%emt 0:00:03]} 10. Qg4 {[%emt 0:00:05]} Nf6 {[%emt 0:00:06]} 11. Nxg7+ {[%emt 0:00:09]} Bxg7 {[%emt 0:00:09]} 12. Qxg7 {[%emt 0:00:03]} Rf8 {[%emt 0:00:01]} 13. O-O-O {[%emt 0:00:12]} Nc6 {[%emt 0:00:08]} 14. Rhe1 {[%emt 0:00:17]} Na5 {[%emt 0:00:07]} 15. e5 {[%emt 0:00:04]} Nd7 {[%emt 0:00:10]} 16. exd6+ {[%emt 0:00:03]} Ne5 {[%emt 0:00:05]} 17. Rxe5+ {[%emt 0:00:06]} Kd7 {[%emt 0:00:01]} 18. Re7+ {[%emt 0:00:08]} Kc8 {[%emt 0:00:04]} 19. d7+ {[%emt 0:00:10]} Kb8 {[%emt 0:00:01]} 20. Qe5+ {[%emt 0:00:11]} Ka7 {[%emt 0:00:04]} 21. Qc5+ {[%emt 0:00:03]} Qb6 {[%emt 0:00:03]} 22. Bd5 {[%emt 0:00:38]} Qxc5 {[%emt 0:00:04]} 23. d8=Q {[%emt 0:00:08]} Raxd8 {[%emt 0:00:07]} 24. Rxb7+ {[%emt 0:00:03]} Nxb7 {[%emt 0:00:00]} 25. Bxb7 {[%emt 0:00:02]} Rxd1+ {[%emt 0:00:02]} 26. Nxd1 {[%emt 0:00:03]} Kxb7 {[%emt 0:00:01]} 27. Nc3 {[%emt 0:00:05]} Re8 {[%emt 0:00:04] Janoschluis resigns} 0-1

[Event "OeISM Blitz U10 B"]
[Site "austriaU10b"]
[Date "2020.12.11"]
[Round "4"]
[White "Martinovicdavid"]
[Black "Lukas-2010"]
[Result "0-1"]
[WhiteElo "1624"]
[BlackElo "1875"]
[Annotator "NA RC"]
[PlyCount "132"]
[EventDate "2020.12.11"]
[EventType "blitz"]

1. e4 {[%emt 0:00:04]} c5 {[%emt 0:00:01]} 2. Nf3 {[%emt 0:00:03]} d6 {[%emt 0:00:01]} 3. d4 {[%emt 0:00:08]} cxd4 {[%emt 0:00:00]} 4. Nxd4 {[%emt 0:00:03]} Nf6 {[%emt 0:00:01]} 5. Nc3 {[%emt 0:00:05]} Nc6 {[%emt 0:00:01]} 6. Be3 {[%emt 0:00:03]} e5 {[%emt 0:00:03]} 7. Nf3 {[%emt 0:00:09]} Bg4 {[%emt 0:00:07]} 8. Bb5 {[%emt 0:00:10]} Qa5 {[%emt 0:00:05]} 9. O-O {[%emt 0:00:07]} Be7 {[%emt 0:00:07]} 10. h3 {[%emt 0:00:04]} Be6 {[%emt 0:00:06]} 11. a4 {[%emt 0:00:14]} O-O {[%emt 0:00:05]} 12. Nd5 {[%emt 0:00:13]} Bxd5 {[%emt 0:00:14]} 13. exd5 {[%emt 0:00:04]} Nb4 {[%emt 0:00:02]} 14. c3 {[%emt 0:00:09]} Nbxd5 {[%emt 0:00:03]} 15. Qe2 {[%emt 0:00:35]} a6 {[%emt 0:00:04]} 16. Bc4 {[%emt 0:00:08]} Rac8 {[%emt 0:00:07]} 17. Bxd5 {[%emt 0:00:22]} Qxd5 {[%emt 0:00:00]} 18. Rfd1 {[%emt 0:00:04]} Qc4 {[%emt 0:00:03]} 19. Qc2 {[%emt 0:00:05]} Rfd8 {[%emt 0:00:06]} 20. Kh2 {[%emt 0:00:14]} Qe4 {[%emt 0:00:05]} 21. Qd2 {[%emt 0:00:07]} d5 {[%emt 0:00:04]} 22. Re1 {[%emt 0:00:06]} Qf5 {[%emt 0:00:04]} 23. Kh1 {[%emt 0:00:06]} Ne4 {[%emt 0:00:02]} 24. Qe2 {[%emt 0:00:05]} Bc5 {[%emt 0:00:06]} 25. Bxc5 {[%emt 0:00:02]} Rxc5 {[%emt 0:00:00]} 26. Rad1 {[%emt 0:00:03]} Rcc8 {[%emt 0:00:09]} 27. c4 {[%emt 0:00:07]} Nf6 {[%emt 0:00:10]} 28. cxd5 {[%emt 0:00:03]} e4 {[%emt 0:00:03]} 29. Nd4 {[%emt 0:00:03]} Qxd5 {[%emt 0:00:04]} 30. Qd2 {[%emt 0:00:04]} h6 {[%emt 0:00:05]} 31. Qf4 {[%emt 0:00:04]} Rc4 {[%emt 0:00:05]} 32. Nf5 {[%emt 0:00:02]} Qxd1 {[%emt 0:00:01]} 33. Rxd1 {[%emt 0:00:02]} Rxd1+ {[%emt 0:00:00]} 34. Kh2 {[%emt 0:00:01]} Rd7 {[%emt 0:00:10]} 35. Nd6 {[%emt 0:00:02]} Rc6 {[%emt 0:00:03]} 36. Nxe4 {[%emt 0:00:02]} Nd5 {[%emt 0:00:05]} 37. Qb8+ {[%emt 0:00:04]} Kh7 {[%emt 0:00:02]} 38. Ng3 {[%emt 0:00:03]} Rc2 {[%emt 0:00:08]} 39. Qe5 {[%emt 0:00:04]} Rcc7 {[%emt 0:00:13]} 40. Qe4+ {[%emt 0:00:01]} g6 {[%emt 0:00:03]} 41. Qe5 {[%emt 0:00:02]} f6 {[%emt 0:00:14]} 42. Qe4 {[%emt 0:00:03]} Kg7 {[%emt 0:00:05]} 43. Ne2 {[%emt 0:00:02]} Ne7 {[%emt 0:00:11]} 44. Nf4 {[%emt 0:00:02]} Rc6 {[%emt 0:00:08]} 45. Ne6+ {[%emt 0:00:03]} Kf7 {[%emt 0:00:01]} 46. Nd4 {[%emt 0:00:02]} Rcd6 {[%emt 0:00:06]} 47. Nf3 {[%emt 0:00:03]} Nc6 {[%emt 0:00:05]} 48. Qe3 {[%emt 0:00:01]} g5 {[%emt 0:00:03]} 49. Qe4 {[%emt 0:00:01]} Kg7 {[%emt 0:00:07]} 50. Qf5 {[%emt 0:00:02]} Re7 {[%emt 0:00:02]} 51. Qc5 {[%emt 0:00:02]} Rde6 {[%emt 0:00:03]} 52. Qc4 {[%emt 0:00:01]} Ne5 {[%emt 0:00:04]} 53. Qc8 {[%emt 0:00:03]} Nxf3+ {[%emt 0:00:02]} 54. gxf3 {[%emt 0:00:02]} Re2 {[%emt 0:00:02]} 55. Kg3 {[%emt 0:00:01]} Rxb2 {[%emt 0:00:03]} 56. Qf5 {[%emt 0:00:03]} b5 {[%emt 0:00:07]} 57. axb5 {[%emt 0:00:02]} Rxb5 {[%emt 0:00:00]} 58. Qd3 {[%emt 0:00:02]} Reb7 {[%emt 0:00:04]} 59. Qa3 {[%emt 0:00:02]} a5 {[%emt 0:00:04]} 60. Qa4 {[%emt 0:00:02]} Re5 {[%emt 0:00:05]} 61. Qc6 {[%emt 0:00:02]} Ra7 {[%emt 0:00:07]} 62. Qb6 {[%emt 0:00:03]} Ree7 {[%emt 0:00:02]} 63. Qb3 {[%emt 0:00:02]} a4 {[%emt 0:00:01]} 64. Qa3 {[%emt 0:00:02]} Reb7 {[%emt 0:00:00]} 65. Kg4 {[%emt 0:00:02]} Rb3 {[%emt 0:00:02]} 66. Qa2 {[%emt 0:00:02]} Rb4+ {[%emt 0:00:03] TimeW} 0-1

[Event "OeISM Blitz U10 B"]
[Site "austriaU10b"]
[Date "2020.12.11"]
[Round "4"]
[White "Kaljikovic"]
[Black "BeatG10"]
[Result "0-1"]
[WhiteElo "1620"]
[BlackElo "1281"]
[Annotator "NA RC"]
[PlyCount "58"]
[EventDate "2020.12.11"]
[EventType "blitz"]

1. e4 {[%emt 0:00:03]} e6 {[%emt 0:00:01]} 2. Nf3 {[%emt 0:00:02]} d5 {[%emt 0:00:01]} 3. exd5 {[%emt 0:00:05]} exd5 {[%emt 0:00:03]} 4. Bb5+ {[%emt 0:00:11]} Nc6 {[%emt 0:00:07]} 5. Qe2+ {[%emt 0:00:03]} Be6 {[%emt 0:00:05]} 6. Ng5 {[%emt 0:00:13]} Qxg5 {[%emt 0:00:10]} 7. Nc3 {[%emt 0:00:17]} Nf6 {[%emt 0:00:11]} 8. b4 {[%emt 0:00:11]} Bxb4 {[%emt 0:00:12]} 9. Nxd5 {[%emt 0:00:16]} Nxd5 {[%emt 0:00:05]} 10. c4 {[%emt 0:00:08]} Nf4 {[%emt 0:00:11]} 11. Qe4 {[%emt 0:00:17]} O-O {[%emt 0:00:28]} 12. h4 {[%emt 0:00:03]} Qe5 {[%emt 0:00:12]} 13. Qe3 {[%emt 0:00:06]} Nxg2+ {[%emt 0:00:08]} 14. Kd1 {[%emt 0:00:12]} Nxe3+ {[%emt 0:00:02]} 15. Ke1 {[%emt 0:00:06]} Nc2+ {[%emt 0:00:02]} 16. Kf1 {[%emt 0:00:02]} Qxa1 {[%emt 0:00:02]} 17. Kg2 {[%emt 0:00:07]} Qf6 {[%emt 0:00:10]} 18. f4 {[%emt 0:00:05]} Qg6+ {[%emt 0:00:14]} 19. Kh2 {[%emt 0:00:03]} Rad8 {[%emt 0:00:14]} 20. Rd1 {[%emt 0:00:06]} Qg4 {[%emt 0:00:13]} 21. d4 {[%emt 0:00:05]} Qxd1 {[%emt 0:00:05]} 22. Be3 {[%emt 0:00:03]} Qe2+ {[%emt 0:00:04]} 23. Bf2 {[%emt 0:00:05]} Qxf2+ {[%emt 0:00:03]} 24. Kh1 {[%emt 0:00:02]} Qf1+ {[%emt 0:00:17]} 25. Kh2 {[%emt 0:00:02]} Qh3+ {[%emt 0:00:01]} 26. Kg1 {[%emt 0:00:02]} Rxd4 {[%emt 0:00:02]} 27. Kf2 {[%emt 0:00:02]} Rd2+ {[%emt 0:00:05]} 28. Kg1 {[%emt 0:00:05]} Qh2+ {[%emt 0:00:07]} 29. Kf1 {[%emt 0:00:02]} Qf2# {[%emt 0:00:02] Mate Mate} 0-1

[Event "OeISM Blitz U10 B"]
[Site "austriaU10b"]
[Date "2020.12.11"]
[Round "4"]
[White "Noeldep3f"]
[Black "Mightimix"]
[Result "0-1"]
[WhiteElo "1610"]
[BlackElo "1636"]
[Annotator "NA RC"]
[PlyCount "40"]
[EventDate "2020.12.11"]
[EventType "blitz"]

1. e4 {[%emt 0:00:02]} e5 {[%emt 0:00:02]} 2. Nf3 {[%emt 0:00:02]} Nc6 {[%emt 0:00:01]} 3. Nc3 {[%emt 0:00:01]} Nf6 {[%emt 0:00:02]} 4. Bc4 {[%emt 0:00:02]} Bc5 {[%emt 0:00:04]} 5. d3 {[%emt 0:00:02]} d6 {[%emt 0:00:02]} 6. h3 {[%emt 0:00:05]} O-O {[%emt 0:00:04]} 7. O-O {[%emt 0:00:03]} Na5 {[%emt 0:00:05]} 8. Bb3 {[%emt 0:00:05]} Nxb3 {[%emt 0:00:02]} 9. cxb3 {[%emt 0:00:04]} h6 {[%emt 0:00:01]} 10. Qe2 {[%emt 0:00:06]} c6 {[%emt 0:00:02]} 11. Be3 {[%emt 0:00:02]} Bb6 {[%emt 0:00:04]} 12. Qd2 {[%emt 0:00:04]} Nh7 {[%emt 0:00:06]} 13. Rac1 {[%emt 0:00:02]} f5 {[%emt 0:00:06]} 14. exf5 {[%emt 0:00:02]} Bxf5 {[%emt 0:00:04]} 15. Nh4 {[%emt 0:00:04]} Qxh4 {[%emt 0:00:05]} 16. Bxb6 {[%emt 0:00:02]} axb6 {[%emt 0:00:02]} 17. Qe2 {[%emt 0:00:02]} Qg5 {[%emt 0:00:07]} 18. Na4 {[%emt 0:00:06]} Bxh3 {[%emt 0:00:06]} 19. Qf3 {[%emt 0:00:04]} Rxf3 {[%emt 0:00:04] Noeldep3f offers a draw} 20. Nxb6 {[%emt 0:00:08] Noeldep3f resigns} Qxg2# {[%emt 0:00:03] Mate} 0-1